000 00302nam a2200121Ia 4500
005 20251222143222.0
008 251222s9999||||xx |||||||||||||| ||spa||
082 _a340.098.5/V32
100 _aVargas, Javier
245 0 _aHistoria del Derecho Peruano:
264 _bUniversidad de Lima
942 _cLIB
999 _c13838
_d13838